000 01035nam a2200253Ii 4500
003 JO-AjNU
005 20240623130047.0
008 230605s9999||||xx |||||||||||||| ||und||
040 _aJO-AjNU
_bara
_erda
_cJO-AjNU
041 _aara
050 _aHD59.6.
_bJ6.A2482 2003
100 1 _aعبد، سوزان رسمي حسن
_964750
_eمعد
245 0 _aالإفصاح عن المعلومات القطاعية للشركات الصناعية الأردنية متعددة المنتجات : دراسة ميدانية /
_cاعداد سوزان رسمي حسن عبد؛ اشراف احمد العمري
260 _c2003
300 _a81 ورقة
336 _atext
_btxt
_2rdacontent
337 _aunmediated
_bn
_2rdamedia
338 _avolume
_bnc
_2rdacarrier
500 _aرسالة جامعية (ماجستير) .- جامعة اليرموك
501 _aتحتوي على ملاحق
650 4 0 _aالصناعة-الشركات-الاردن.
_964752
700 1 _aالعمري، احمد
_964753
_eمشرف
942 _2lcc
_cTHS
999 _c33031
_d33031